| 000 | 00815nam a2200277 a 4500 | ||
|---|---|---|---|
| 001 | BRCA_6920 | ||
| 005 | 20190320205636.0 | ||
| 008 | 161111s1943----mx-a######---#000-0#spa-# | ||
| 041 | _aspa | ||
| 044 | _amx | ||
| 050 | 4 |
_aF1434 _b.R58 1943 |
|
| 100 | 1 |
_aRivet, Paul _d1876-1958 _917243 |
|
| 245 | 1 | 0 |
_aLos orígenes del hombre americano _cPaul Rivert ; traducción de José Recasens |
| 260 |
_aMéxico _b[Cuadernos Americanos] _c1943 |
||
| 300 |
_a244 p. _bil. _c23 cm. |
||
| 440 | 0 |
_aCuadernos Americanos _v5 _917244 |
|
| 500 | _aEjemplar intonso | ||
| 500 | _aO139 | ||
| 650 | 1 | 4 |
_aHombre _xOrigen _916653 |
| 650 | 1 | 4 |
_aIndios _vOrigen _917245 |
| 651 | 4 |
_aAmérica _xAntigüedades _99854 |
|
| 651 | 4 |
_aHombres _xMigraciones _917246 |
|
| 700 | 1 |
_aRecasens, José _etr. _917247 |
|
| 902 | _aGFM | ||
| 942 |
_2lcc _cB |
||
| 999 |
_c6602 _d6602 |
||